000 00928nam a2200253Ia 4500
003 OSt
005 20221005113103.0
006 a|||||r|||| 00| 0
007 ta
008 221004b |||||||| |||| 00| 0 pan d
020 _a8187654732 (hbk)
_c160
024 _a11724
037 _b818, 13/03/2014, H.K. Prakashan
_cTextual
040 _aCRL
_cCRL
_bpan
041 _2pan
_apan
082 _aQ8441:21:g, 153P3
100 _aਸਿੰਘ, ਹਰਮੀਤ, ਥਦ.
245 0 _aਮਹਾਂ ਕਵੀ ਭਾਈ ਸੰਤੋਖ ਸਿੰਘ ਦਾ ਰਚਨਾ ਸੰਸਾਰ
260 _aਦਿੱਲੀ
_bਮਨਪ੍ਰੀਤ ਪ੍ਰਕਾFਨ ਭਾਰਤ
_c2003
300 _a136ਪੰ
_ccm.
650 _aਪੰਜਾਬੀ ਸਾਹਿਤ
942 _hQ8441:21:g, 153P3
_cTEXL
_2cc
999 _c1027002
_d1027002